Germany Squad WC2026 - Statistics

General Stats
  • This quiz has been taken 3 times
  • The average score is 14 of 26
Answer Stats
Position Club Player % Correct
Defender Real Madrid Antonio Rudiger
100%
Midfield Bayern Munich Jamal Musiala
100%
Midfield Bayern Munich Joshua Kimmich
100%
Attack Arsenal Kai Havertz
100%
Attack Galatasaray Leroy Sané
100%
Attack VFB Stuttgart Deniz Undav
67%
Midfield Liverpool Florian Wirtz
67%
Midfield Bayern Munich Leon Goretzka
67%
Goalkeeper Bayern Munich Manuel Neuer
67%
Defender Borussia Dortmund Nico Schlotterbeck
67%
Midfield Bayern Munich Aleksandar Pavlovic
33%
Goalkeeper VFB Stuttgart Alexander Nubel
33%
Midfield VFB Stuttgart Angelo Stiller
33%
Defender RB Leipzig David Raum
33%
Midfield Borussia Dortmund Felix Nmecha
33%
Attack VFB Stuttgart Jamie Leweling
33%
Defender Bayern Munich Jonathan Tah
33%
Midfield Bayern Munich Lennart Karl
33%
Defender Newcastle United Malick Thiaw
33%
Attack Borussia Dortmund Maximilian Beier
33%
Midfield Mainz Nadiem Amiri
33%
Defender Eintracht Frankfurt Nathaniel Brown
33%
Attack Newcastle United Nick Woltemade
33%
Goalkeeper Hoffenheim Oliver Baumann
33%
Midfield Brighton Pascal Gross
33%
Defender Borussia Dortmund Waldemar Anton
33%
No matching quizzes found
Score Distribution
Percent of People with Each Score
Percentile by Number Answered
Your Score History
You have not taken this quiz